| 000 | 01628cam a2200433 4500 | ||
|---|---|---|---|
| 001 | J125162 | ||
| 008 | 040217n2000 000 0 eng u | ||
| 022 | _a0308-079X | ||
| 035 | _a(Sirsi) u125162 | ||
| 041 | _aeng | ||
| 050 |
_a338.4569 _c18 |
||
| 110 |
_aConstruction Forecasting and Research Ltd _91829 |
||
| 245 |
_aConstruction forecasts 1999-2000-2001 _bWinter 1999/2000-Autumn 2000 |
||
| 260 |
_aLondon _bConstruction Forecasting and Research _c2000 |
||
| 300 |
_a4 _fv. _c30cm. |
||
| 490 |
_aCFR Construction Forecasts _v6(1-4) |
||
| 505 | _aMacroeconomic outlook | ||
| 505 | _aHousing | ||
| 505 | _aHousing repair, maintenance and improvement | ||
| 505 | _aInfrastructure | ||
| 505 | _aPublic non-residential construction | ||
| 505 | _aPrivate industrial construction | ||
| 505 | _aPrivate commercial construction | ||
| 505 | _aNon-residential repair and maintenance | ||
| 505 | _aConstruction output in current prices | ||
| 505 | _aRegional housing data | ||
| 505 | _aRegional infrastructure data | ||
| 505 | _aRegional public non-residential data | ||
| 505 | _aRegional private non-residential data | ||
| 505 | _aDefinitions: types and examples of construction work | ||
| 520 | _aQuarterly forecast of data for the UK construction industry predicting the rate of growth in key parts of the sector. | ||
| 650 | _aBUILDING INDUSTRY | ||
| 650 | _aCONSTRUCTION FORECASTS | ||
| 650 | _aCONSTRUCTION INDUSTRY | ||
| 650 | _aECONOMIC FORECASTS | ||
| 690 | _aBUILDING AND CONSTRUCTION-ECONOMICS | ||
| 710 |
_aForecasting Committee for the Construction Industries _93476 |
||
| 942 | _n0 | ||
| 999 |
_c103360 _d103360 |
||